000
00337nam a2200157Ia 4500
100
_a
Clocksin W F/ Mellish C.S.
250
_a
3
942
_c
BK
654
_a
Computer
245
_a
Programming in Prolog
260
_b
Springer Verlag
_a
Bombay
_c
1987
082
_a
5.133
_b
CLO
300
_a
281
546
_a
ENGLISH
999
_c
24806
_d
24806